[Event "AUTO-OPEN-1794"]
[Site "http://www.queenalice.com/game.php?id=696301"]
[Date "2009.12.11"]
[Round "1"]
[White "WAGNER2004"]
[Black "SloVice"]
[Result "1-0"]
[WhiteElo "1464"]
[BlackElo "1716"]

1. e4 c5 2. d4 cxd4 3. c3 d3 4. Bxd3 Nc6 5. Nf3 d6 6. c4 Bg4 7. Nc3 e6 8. h3
Bxf3 9. Qxf3 Nf6 10. O-O Be7 11. Bf4 Rc8 12. Rad1 O-O 13. e5 Nd4 14. Qxb7 Rc7
15. Qb4 Ne8 16. Ne4 d5 17. Qd2 dxe4 18. Bxe4 Rxc4 19. Bb1 Nc7 20. Qd3 Qd5 21.
Qxh7# 1-0

[Event "AUTO-OPEN-1794"]
[Site "http://www.queenalice.com/game.php?id=696318"]
[Date "2009.12.11"]
[Round "1"]
[White "WAGNER2004"]
[Black "Retiarius"]
[Result "0-1"]
[WhiteElo "1567"]
[BlackElo "1863"]

1. e4 Nf6 2. Nc3 e5 3. Nf3 Nc6 4. Bc4 Bc5 5. O-O d6 6. Nb5 a6 7. Nc3 Bg4 8. h3
Bxf3 9. Qxf3 Nd4 10. Qd1 b5 11. Bd5 Nxd5 12. Nxd5 c6 13. Nc3 O-O 14. d3 f5 15.
exf5 Nxf5 16. Ne4 Bb6 17. Bg5 Qc7 18. c4 Qf7 19. Qf3 Qg6 20. Qg4 h5 21. Qf3 d5
22. cxd5 Nd4 23. Qe3 Nf3+ 24. Qxf3 Rxf3 25. gxf3 cxd5 26. Rae1 dxe4 27. h4 Bd8
28. Rxe4 Bxg5 29. hxg5 Qxg5+ 30. Kh2 Rd8 31. Rg1 Qd2 32. Rxe5 Qf4+ 33. Kh3 Qxe5
34. Kh4 Qh2+ 0-1

[Event "AUTO-OPEN-1794"]
[Site "http://www.queenalice.com/game.php?id=696319"]
[Date "2009.12.11"]
[Round "1"]
[White "Retiarius"]
[Black "WAGNER2004"]
[Result "1/2-1/2"]
[WhiteElo "1867"]
[BlackElo "1563"]

1. b4 Nf6 2. Bb2 e6 3. a3 Be7 4. Nf3 O-O 5. d4 d5 6. e3 Nbd7 7. Nbd2 Nb6 8. c4
Bd7 9. c5 Ba4 10. Qb1 Nbd7 11. Bd3 Re8 12. O-O a6 13. e4 Nf8 14. e5 Nh5 15. g3
Qd7 16. Ne1 g6 17. Be2 Ng7 18. Ndf3 h5 19. Bc1 Nh7 20. Ng2 Reb8 21. Bd3 Bb5 22.
Be3 Rc8 23. Bf4 Re8 24. Re1 Bxd3 25. Qxd3 g5 26. Bd2 Nf5 27. Ne3 Ng7 28. a4 g4
29. Nh4 Ng5 30. Neg2 Nh3+ 31. Kf1 Kh8 32. Qe3 Ng5 33. f4 Ne4 34. Re2 Kg8 35. Qd3
Qc6 36. Be1 1/2-1/2

[Event "Challenge"]
[Site "http://www.queenalice.com/game.php?id=697969"]
[Date "2009.12.14"]
[Round "-"]
[White "WAGNER2004"]
[Black "rodrigomni"]
[Result "1-0"]
[WhiteElo "1490"]
[BlackElo "1374"]

1. e4 e5 2. Nf3 Nc6 3. d4 d6 4. Bc4 Be6 5. Na3 exd4 6. Nxd4 Nf6 7. Nxe6 fxe6 8.
O-O Nxe4 9. Qg4 d5 10. Qxe6+ Qe7 11. Bxd5 Ng5 12. Bxg5 Nd8 13. Qxe7+ Bxe7 14.
Rae1 Kd7 15. Bxe7 Nf7 16. Bxf7 c6 17. Bc5 b5 18. Re7+ Kc8 19. Be6+ Kb8 20. Bd6#
1-0

[Event "SloVice Quick"]
[Site "http://www.queenalice.com/game.php?id=708706"]
[Date "2010.1.5"]
[Round "1"]
[White "WAGNER2004"]
[Black "Michihall"]
[Result "1-0"]
[WhiteElo "1520"]
[BlackElo "1895"]

1. e4 e5 2. Nf3 Nc6 3. d4 exd4 4. c3 dxc3 5. Nxc3 Bb4 6. Bc4 Bxc3+ 7. bxc3 h6 8.
O-O Nf6 9. Ba3 d6 10. Bb5 Bd7 11. e5 dxe5 12. Qe2 Be6 13. Nxe5 Nd5 14. Nxc6 bxc6
15. Bxc6+ Qd7 16. Bxd7+ Kxd7 17. Qb5+ Kc8 18. Rfd1 Nxc3 19. Qa6+ Kb8 20. Rdb1+
1-0

[Event "Challenge"]
[Site "http://www.queenalice.com/game.php?id=716475"]
[Date "2010.1.19"]
[Round "-"]
[White "WAGNER2004"]
[Black "Wettkampf"]
[Result "0-1"]
[WhiteElo "1563"]
[BlackElo "1470"]

1. e4 e6 2. Nf3 d5 3. Nc3 d4 4. Ne5 dxc3 5. Bb5+ c6 6. Qf3 f6 7. Qh5+ g6 8. Nxg6
hxg6 9. Qxh8 Ne7 10. Bd3 cxd2+ 11. Bxd2 Qd4 12. Bh6 Nd7 13. O-O b5 14. Be3 Qxb2
15. a4 Ba6 16. g3 O-O-O 17. Rfd1 Ne5 18. axb5 f5 19. Rxa6 Nf3+ 20. Kg2 Qxh8 21.
b6 axb6 22. Bxb6 Rxd3 23. Rxd3 Ne1+ 24. Kf1 Nxd3 25. cxd3 Kb7 26. Ra7+ Kxb6 27.
Rxe7 Bxe7 28. exf5 exf5 29. Kg2 Qd4 30. f4 Qxd3 31. Kh3 Qf1# 0-1

[Event "Challenge"]
[Site "http://www.queenalice.com/game.php?id=718568"]
[Date "2010.1.22"]
[Round "-"]
[White "Wettkampf"]
[Black "WAGNER2004"]
[Result "0-1"]
[WhiteElo "1485"]
[BlackElo "1543"]

1. e4 c5 2. Qh5 d5 3. Qxd5 Qxd5 4. exd5 e6 5. dxe6 Bxe6 6. Bb5+ Nc6 7. Nf3 O-O-O
8. Bxc6 bxc6 9. Ne5 Bd6 10. Nxc6 Rd7 11. O-O Rc7 12. Na5 c4 13. d4 cxd3 14. c3
Nf6 15. Be3 Ng4 16. Rd1 Bxh2+ 17. Kf1 Nxe3+ 18. fxe3 Rc5 19. b4 Rf5+ 20. Ke1
Bg3+ 21. Kd2 Rf2+ 22. Kxd3 Rd8+ 23. Ke4 f5# 0-1

[Event "Challenge"]
[Site "http://www.queenalice.com/game.php?id=734151"]
[Date "2010.2.19"]
[Round "-"]
[White "WAGNER2004"]
[Black "rodrigomni"]
[Result "1-0"]
[WhiteElo "1557"]
[BlackElo "1401"]

1. e4 e5 2. Nf3 f6 3. Nc3 c6 4. d4 d6 5. dxe5 fxe5 6. Bg5 Be7 7. Bc4 Nf6 8. O-O
Qb6 9. b3 h6 10. Na4 Qb4 11. Bd2 Qa3 12. Nh4 b5 13. Qc1 Qxc1 14. Raxc1 bxc4 15.
bxc4 Ba6 16. Rb1 Bxc4 17. Ng6 Rh7 18. Rfd1 Bxa2 19. Rb7 Nxe4 20. Ba5 Nd7 21. f3
Nec5 22. Nxc5 dxc5 23. Rdxd7 Be6 24. Rxe7# 1-0

[Event "Challenge"]
[Site "http://www.queenalice.com/game.php?id=746466"]
[Date "2010.3.15"]
[Round "-"]
[White "rodrigomni"]
[Black "WAGNER2004"]
[Result "0-1"]
[WhiteElo "1371"]
[BlackElo "1575"]

1. c4 d6 2. Nc3 e5 3. e4 Nf6 4. d3 Nc6 5. f3 d5 6. cxd5 Nb4 7. a3 Na6 8. Qa4+
Bd7 9. Qb3 Nc5 10. Qc4 Nh5 11. d4 Nf4 12. dxe5 Na6 13. Nb5 Bc5 14. d6 O-O 15.
dxc7 Nxg2+ 16. Bxg2 Qh4+ 17. Kf1 Qf2# 0-1

[Event "Challenge"]
[Site "http://www.queenalice.com/game.php?id=768430"]
[Date "2010.4.30"]
[Round "-"]
[White "drglaucoprado"]
[Black "WAGNER2004"]
[Result "0-1"]
[WhiteElo "1449"]
[BlackElo "1609"]

1. g3 e5 2. b3 Nc6 3. Bg2 Nf6 4. Bxc6 dxc6 5. Nf3 e4 6. Nd4 Qxd4 7. c3 Qd5 8.
Bb2 Bf5 9. c4 Qe6 10. Bxf6 Qxf6 11. Na3 Bxa3 12. O-O O-O-O 13. f3 e3 14. d3 Bh3
15. Re1 Bb4 16. a3 Bxe1 17. Qxe1 Rxd3 18. exd3 Qb2 19. Rc1 Qg2# 0-1

[Event "Challenge"]
[Site "http://www.queenalice.com/game.php?id=777591"]
[Date "2010.5.19"]
[Round "-"]
[White "sadalajorge"]
[Black "WAGNER2004"]
[Result "0-1"]
[WhiteElo "1100"]
[BlackElo "1636"]

1. e4 c5 2. Bc4 Nc6 3. Nf3 e6 4. Nc3 Nf6 5. O-O Nxe4 6. Nxe4 d5 7. Bxd5 exd5 8.
Nc3 Be6 9. Re1 Be7 10. d4 O-O 11. dxc5 Bxc5 12. Be3 d4 13. Ng5 dxe3 14. Qh5
exf2+ 15. Kh1 fxe1=R+ 16. Rxe1 Bf5 17. Re5 Nxe5 0-1

[Event "Challenge"]
[Site "http://www.queenalice.com/game.php?id=781390"]
[Date "2010.5.27"]
[Round "-"]
[White "WAGNER2004"]
[Black "rodrigomni"]
[Result "1-0"]
[WhiteElo "1638"]
[BlackElo "1414"]

1. e4 e5 2. Nf3 Nc6 3. Nc3 Nf6 4. d4 d6 5. Bc4 h6 6. O-O Qd7 7. Be3 Be7 8. Nd5
a6 9. a4 Nxd5 10. Bxd5 Bf6 11. c3 O-O 12. Qb3 Nd8 13. Rad1 c6 14. Bc4 Qg4 15.
Rd3 Qxe4 16. Rfd1 Bg4 17. dxe5 Bxe5 18. h3 Bxf3 19. gxf3 Qxf3 20. Bd4 Qxh3 21.
Rxh3 Bxd4 22. Rxd4 d5 23. Bxd5 cxd5 24. Rxd5 Re8 25. c4 b5 26. Rg3 Kh7 27. Qd3+
Kh8 28. Qd4 f6 29. Rd7 Ne6 30. Qg4 Rg8 31. Qxe6 bxa4 32. Qg4 a3 33. bxa3 Raf8
34. Rxg7 Rxg7 35. Qxg7# 1-0

[Event "Challenge"]
[Site "http://www.queenalice.com/game.php?id=786383"]
[Date "2010.6.6"]
[Round "-"]
[White "WAGNER2004"]
[Black "rodrigomni"]
[Result "1-0"]
[WhiteElo "1645"]
[BlackElo "1407"]

1. e4 e5 2. Nf3 Nc6 3. Nc3 Nf6 4. Bc4 h6 5. d3 Nd4 6. Nxd4 exd4 7. Nb5 a6 8.
Nxd4 d6 9. O-O b5 10. Bd5 Rb8 11. Nc6 Bg4 12. f3 Qc8 13. Nxb8 Qxb8 14. fxg4 Nd7
15. a4 b4 16. Bc6 Qd8 17. Qf3 Be7 18. g5 hxg5 19. Bxg5 Bxg5 20. Qxf7# 1-0

[Event "Challenge"]
[Site "http://www.queenalice.com/game.php?id=786921"]
[Date "2010.6.7"]
[Round "-"]
[White "WAGNER2004"]
[Black "drglaucoprado"]
[Result "0-1"]
[WhiteElo "1642"]
[BlackElo "1455"]

1. e4 c5 2. Nf3 d6 3. Nc3 Nf6 4. d4 cxd4 5. Nxd4 e5 6. Bb5+ Bd7 7. Nf3 Bxb5 8.
Nxb5 Qa5+ 9. Nc3 Nxe4 10. O-O Nxc3 11. bxc3 Qxc3 12. Bd2 Qc7 13. Bb4 Be7 14. Qe2
Nc6 15. Ba3 f5 16. Rad1 O-O 17. Qc4+ Rf7 18. Ng5 Bxg5 19. Bxd6 Qd7 20. Ba3 Nd4
21. c3 Qc6 22. Qxc6 Ne2+ 23. Kh1 bxc6 24. Rd3 e4 25. Re3 Bxe3 26. fxe3 Nxc3 0-1

[Event "Challenge"]
[Site "http://www.queenalice.com/game.php?id=896764"]
[Date "2011.2.6"]
[Round "-"]
[White "rodrigomni"]
[Black "WAGNER2004"]
[Result "0-1"]
[WhiteElo "1561"]
[BlackElo "1621"]

1. e4 e5 2. Qh5 Qf6 3. Nf3 d6 4. Bc4 g6 5. Qg5 Bh6 6. Qg3 Ne7 7. Ng1 Bf4 8. Qb3
O-O 9. g3 Bg5 10. h4 Bh6 11. Nc3 Na6 12. Bxa6 bxa6 13. Nd5 Nxd5 14. Qxd5 Be6 15.
Qa5 Bc4 16. Qxc7 d5 17. d3 Rac8 18. Qxa7 Bxc1 19. Rxc1 Bxa2 20. exd5 e4 21. dxe4
Qxb2 22. Kd1 Rxc2 23. Rxc2 Qb1+ 24. Kd2 Qb4+ 25. Kd1 Qb1+ 26. Kd2 Qb4+ 27. Ke3
Qb3+ 28. Kd2 Qb4+ 29. Rc3 Qb2+ 30. Kd3 Bb1+ 31. Kd4 Qd2+ 32. Kc4 Rc8+ 33. Qc5
Rxc5+ 34. Kxc5 Qxc3+ 35. Kd6 Bxe4 36. Rh2 a5 37. Ne2 Qa3+ 38. Ke5 Qd3 39. Nf4
Qc3+ 40. Kxe4 a4 41. Rh1 a3 42. d6 Kf8 43. d7 f5+ 44. Kd5 Ke7 45. h5 a2 46.
Nxg6+ Kxd7 47. Ne5+ Kc7 48. Ke6 a1=Q 49. Rxa1 Qxa1 50. Kxf5 Qa5 51. f4 Kd6 52.
g4 Ke7 53. g5 Kf8 54. h6 Kg8 55. Kg4 Qa4 56. Kf5 Qd7+ 57. Ke4 Qa4+ 58. Kf3 Qd1+
59. Kg3 Qg1+ 60. Kf3 Kf8 61. Ke4 Ke7 62. Kf5 Qb1+ 63. Kg4 Ke6 64. g6 Kf6 65.
Nd7+ Ke7 66. f5 Kxd7 67. gxh7 Qb8 68. f6 Ke6 69. Kg5 Qe5+ 0-1